Liczba medali Letnich Igrzysk Olimpijskich 1904 - Statystyki

Ogólne statystyki
  • Ten quiz został rozwiązany 23 razy
  • Średni wynik to 6 z 10
Statystyki odpowiedzi
Medali Złoto Srebro Brąz Reprezentacja % Poprawnych
231 76 78 77 Stany Zjednoczone
100%
15 4 5 6 Cesarstwo Niemieckie
84%
6 4 1 1 Kanada
74%
4 0 3 1 Australia
63%
3 1 1 1 Cesarstwo Austrii
63%
4 2 1 1 Węgry
47%
2 2 0 0 Norwegia
42%
3 3 0 0 Kuba
37%
3 1 0 2 Szwajcaria
32%
4 2 1 1 Drużyna Mieszana
26%
Nie znaleziono quizów pasujących do podanych kryteriów
Rozkład punktacji
Procent ludzi z każdym wynikiem
Percentyl według liczby udzielonych odpowiedzi
Twoja historia wyników
Nie rozwiązałeś tego quizu